000 00479nam a22001697a 4500
005 20251108164903.0
008 250721s9999 xx 000 0 ara d
082 1 4 _a641.8/نجو
100 1 _aرستم، نجوى
245 1 0 _aشراب الضيافة /
264 1 _aبيروت :
_bالشركة الشرقية للمطبوعات،
_c[19-].
300 _a39ص : مص
490 0 _aدليلك سيدتي
650 1 7 _aالمشروبات
942 _2ddc
_cBK
999 _c16711
_d16711